Capitales du monde commençant par la lettre C - Statistiques

Statistiques générales
  • Ce quiz a été pris 7 416 fois
    4 427 depuis la dernière actualisation
  • Le résultat moyen est 3 sur 7
Statistiques - réponses
Réponse % Correct
Canberra
79%
Caracas
72%
Copenhague
61%
Chișinău
50%
Conakry
31%
Castries
24%
Ciudad de la Paz
7%
Aucun quiz correspondant
Distribution des résultats
% des personnes avec chaque résultat
Percentile par nombre de réponses
Votre historique - résultats
Vous n’avez pas pris ce quiz depuis la dernière actualisation